ARRUPE JESUIT UNIVERSITY

CORONAVIRUS -STOP THE SPREAD - CLEAN,DISINFECT,COVER

Strong's Exhaustive concordance : (Record no. 124716)

MARC details
000 -LEADER
fixed length control field 01070cam a2200277 i 4500
001 - CONTROL NUMBER
control field 4647877
003 - CONTROL NUMBER IDENTIFIER
control field ARRUPE
005 - DATE AND TIME OF LATEST TRANSACTION
control field 20160427120352.0
008 - FIXED-LENGTH DATA ELEMENTS--GENERAL INFORMATION
fixed length control field 790315s1979 tnu d 000 0 eng
010 ## - LIBRARY OF CONGRESS CONTROL NUMBER
LC control number 79100942
020 ## - INTERNATIONAL STANDARD BOOK NUMBER
International Standard Book Number 0805411348 :
Terms of availability $12.95
040 ## - CATALOGING SOURCE
Original cataloging agency DLC
Transcribing agency DLC
Modifying agency DLC
041 0# - LANGUAGE CODE
Language code of text/sound track or separate title enggrcheb
050 00 - LIBRARY OF CONGRESS CALL NUMBER
Classification number BS425
Item number .S8 1979
082 00 - DEWEY DECIMAL CLASSIFICATION NUMBER
Classification number 220.2
300 ## - PHYSICAL DESCRIPTION
Dimensions 24 cm.
100 1# - MAIN ENTRY--PERSONAL NAME
Personal name Strong, James,
Dates associated with a name 1822-1894.
9 (RLIN) 24129
240 10 - UNIFORM TITLE
Uniform title <a href="Exhaustive concordance of the Bible">Exhaustive concordance of the Bible</a>
245 10 - TITLE STATEMENT
Title Strong's Exhaustive concordance :
Remainder of title showing every word of the text of the common English version of the canonical books, and every occurrence of each word in regular order, together with dictionaries of the Hebrew and Greek words of the original, with references to the English words /
Statement of responsibility, etc by James Strong.
250 ## - EDITION STATEMENT
Edition statement Compact ed.
260 ## - PUBLICATION, DISTRIBUTION, ETC. (IMPRINT)
Place of publication, distribution, etc Michigan :
Name of publisher, distributor, etc Baker Book House,
Date of publication, distribution, etc 1977.
300 ## - PHYSICAL DESCRIPTION
Extent 1340, 128, 79 p. ;
630 00 - SUBJECT ADDED ENTRY--UNIFORM TITLE
Uniform title Bible
General subdivision Concordances
9 (RLIN) 24130
740 ## - ADDED ENTRY--UNCONTROLLED RELATED/ANALYTICAL TITLE
Uncontrolled related/analytical title Exhaustive concordance.
906 ## - LOCAL DATA ELEMENT F, LDF (RLIN)
a 7
b cbc
c orignew
d 2
e ncip
f 19
g y-gencatlg
942 ## - ADDED ENTRY ELEMENTS (KOHA)
Source of classification or shelving scheme Library of Congress Classification
Koha item type Monograph ( Printed materials)
Holdings
Withdrawn status Lost status Source of classification or shelving scheme Damaged status Not for loan Collection code Home library Current library Shelving location Date acquired Total Checkouts Full call number Barcode Date last seen Price effective from Koha item type
    Library of Congress Classification     Main Collection ARRUPE LIBRARY ARRUPE LIBRARY Main Collection 27/04/2016   BS425 .S8 1977 46500006480 07/12/2016 27/04/2016 Monograph ( Printed materials)

 

Arrupe Library. PO Box MP320 Mt Pleasant, Harare, Zimbabwe
263 242 745411|librarian@aju.ac.zw